000 00303nam a22001097a 4500
008 160613b xxu||||| |||| 00| 0 eng d
020 _a9780323053402
041 _aeng
080 _a618.2
245 _aNursing interventions classification (NIC) :
_cGloria M. Bulechek; Howard K. Butcher;
942 _2udc
_cBK
999 _c2457
_d2457